Państwa bez liter A, W, R, U, K - Statystyki

Ogólne statystyki
  • Ten quiz został rozwiązany 195 razy
  • Średni wynik to 8 z 15
Statystyki odpowiedzi
Kontynent Państwo % Poprawnych
Ameryka Południowa Chile
78%
Oceania Fidżi
69%
Europa Czechy
67%
Europa Niemcy
66%
Ameryka Północna Belize
63%
Azja Chiny
63%
Afryka Egipt
61%
Azja Indie
57%
Europa Liechtenstein
55%
Afryka Togo
53%
Azja Jemen
49%
Afryka Lesotho
44%
Afryka Benin
41%
Azja Filipiny
37%
Afryka Seszele
36%
Nie znaleziono quizów pasujących do podanych kryteriów
Rozkład punktacji
Procent ludzi z każdym wynikiem
Percentyl według liczby udzielonych odpowiedzi
Twoja historia wyników
Nie rozwiązałeś tego quizu